[Event "Avoine op 09th"]
[Site "Avoine"]
[Date "1994.??.??"]
[Round "3"]
[White "Ouchet, C."]
[Black "Szafraniec, Izabela"]
[Result "1-0"]
[WhiteElo "1790"]
[BlackElo "2045"]
[PlyCount "79"]
[EventDate "1994.07.??"]
[EventType "swiss"]
[EventRounds "9"]
[EventCountry "FRA"]
[SourceTitle "EXT 2004"]
[Source "ChessBase"]
[SourceDate "2003.11.25"]
[SourceVersion "1"]
[SourceVersionDate "2003.11.25"]
[SourceQuality "1"]

1. e4 c5 2. d4 cxd4 3. c3 d3 4. Bxd3 d6 5. Be3 Nf6 6. f4 Ng4 7. Qe2 Nxe3 8. Qxe3 g6 9. Qd4 Rg8 10. Nf3 Nc6 11. Qf2 Bh6 12. Bb5 Kf8 13. 0-0 Kg7 14. Na3 Rf8 15. Qg3 a6 16. Bxc6 bxc6 17. Nc4 c5 18. b3 Kg8 19. Ne3 Bg7 20. e5 dxe5 21. Nxe5 e6 22. Qf3 Rb8 23. N3c4 Bb7 24. Qd1 Bd5 25. Qe2 Qc7 26. Rac1 a5 27. Nb2 Rfd8 28. c4 Bb7 29. Rcd1 Bh6 30. Qf2 Bf8 31. Na4 Rbc8 32. Nc3 Bd6 33. Nb5 Qb8 34. Qh4 Bxe5 35. Rxd8+ Rxd8 36. fxe5 Rd2 37. Rxf7 Rxg2+ 38. Kf1 Kxf7 39. Qxh7+ Kf8 40. Qh8+ 1-0

[Event "POL-chT 47th"]
[Site "Mikolajki"]
[Date "1991.09.??"]
[Round "9"]
[White "Szafraniec, Izabela"]
[Black "Nowik, Urszula"]
[Result "0-1"]
[WhiteElo "2120"]
[BlackElo "2050"]
[PlyCount "156"]
[EventDate "1991.09.20"]
[EventType "team-swiss"]
[EventRounds "9"]
[EventCountry "POL"]
[SourceTitle "EXT 2019"]
[Source "ChessBase"]
[SourceDate "2018.10.10"]
[SourceVersion "1"]
[SourceVersionDate "2018.10.10"]
[SourceQuality "1"]
[WhiteTeam "Gliwice Piast"]
[BlackTeam "Lublin Start"]
[WhiteTeamCountry "POL"]
[BlackTeamCountry "POL"]

1. e4 g6 2. d4 Bg7 3. Nf3 d6 4. Be2 Nd7 5. 0-0 Ngf6 6. Nc3 Nb6 7. Bg5 0-0 8. Qd2 Re8 9. Rad1 Be6 10. Rfe1 Bc4 11. b3 Bxe2 12. Rxe2 c6 13. Qf4 Qc7 14. Qh4 Nfd7 15. Re3 Nf8 16. Bh6 Bf6 17. Bg5 Bh8 18. Red3 Nbd7 19. Bf4 Ne6 20. Ng5 Ndf8 21. Be3 Nxg5 22. Bxg5 Ne6 23. Qh6 Bg7 24. Qh4 Qd7 25. Ne2 Bf6 26. Qh6 Rac8 27. Qh3 Red8 28. Bh6 c5 29. d5 Nd4 30. Qxd7 Rxd7 31. R1d2 Nxe2+ 32. Rxe2 c4 33. Rd1 Rdc7 34. b4 Bb2 35. Be3 b5 36. Bd4 Bxd4 37. Rxd4 c3 38. a3 Rc4 39. Rd3 a5 40. bxa5 Ra4 41. g3 Rxa3 42. Rd4 Rxa5 43. Rb4 Rc5 44. Kg2 Ra2 45. Kf3 Rb2 46. Rd4 b4 47. Rd1 Ra5 48. Ke3 Raa2 49. Kd3 b3 50. Rc1 Rxc2 51. Rexc2 b2 52. Rb1 Ra1 53. Rbxb2 cxb2 54. Rxb2 Ra3+ 55. Ke2 Kg7 56. Rb7 Kf6 57. Rc7 g5 58. h3 h5 59. Rc2 g4 60. h4 e6 61. Rc8 exd5 62. Rd8 Ke7 63. Rh8 dxe4 64. Rxh5 Ke6 65. Rg5 f5 66. Rg8 d5 67. Re8+ Kf6 68. Rf8+ Ke5 69. Re8+ Kd4 70. h5 Ra2+ 71. Kf1 Ra6 72. Rf8 Kd3 73. Rxf5 d4 74. Rf4 e3 75. fxe3 dxe3 76. Rf8 Ra1+ 77. Kg2 e2 78. Rd8+ Kc4 0-1

[Event "POL-ch U20 Girls"]
[Site "Konin"]
[Date "1990.??.??"]
[Round "1"]
[White "Bukowska, Katarzyna"]
[Black "Szafraniec, Izabela"]
[Result "1-0"]
[WhiteElo "2005"]
[BlackElo "1945"]
[PlyCount "117"]
[EventDate "1990.??.??"]
[EventType "tourn"]
[EventRounds "9"]
[EventCountry "POL"]
[SourceTitle "EXT 1999"]
[Source "ChessBase"]
[SourceDate "1998.11.16"]
[SourceVersion "1"]
[SourceVersionDate "1998.11.16"]
[SourceQuality "1"]

1. e4 c5 2. Nf3 Nc6 3. d4 cxd4 4. Nxd4 Nf6 5. Nc3 e5 6. Ndb5 d6 7. Bg5 a6 8. Na3 b5 9. Nd5 Be7 10. Bxf6 Bxf6 11. c3 0-0 12. Nc2 Bg5 13. a4 bxa4 14. Rxa4 a5 15. Bc4 Rb8 16. b3 Kh8 17. 0-0 f5 18. exf5 Bxf5 19. Nce3 Be6 20. Qe2 Qd7 21. Rfa1 Qf7 22. R4a3 Bh4 23. g3 Bg5 24. Rd1 Rb7 25. Ng2 Rfb8 26. Ne1 Rf8 27. Ng2 Rfb8 28. Ne1 Rf8 29. Nc2 Qd7 30. Nde3 Rfb8 31. Qf3 Bxc4 32. Nxc4 Be7 33. Nxa5 Nxa5 34. Rxa5 Qc7 35. b4 Rf8 36. Qe3 Qc6 37. Rda1 Bd8 38. Ra8 Rbf7 39. R1a6 Qd5 40. Qe1 Rf3 41. Ne3 Qd3 42. Rc6 h6 43. Rcc8 Be7 44. Rxf8+ Bxf8 45. c4 Kh7 46. Ra1 Qd4 47. Qd1 Qe4 48. Qb1 Qxb1+ 49. Rxb1 Rf7 50. b5 Rb7 51. Nd5 Be7 52. Kf1 Bd8 53. Ke2 Bb6 54. Nxb6 Rxb6 55. Ra1 Rb8 56. Kd3 d5 57. Ra6 Kg8 58. b6 dxc4+ 59. Kxc4 1-0

[Event "POL-ch U20 Girls"]
[Site "Konin"]
[Date "1990.??.??"]
[Round "7"]
[White "Szafraniec, Izabela"]
[Black "Gazik, Renata"]
[Result "1-0"]
[WhiteElo "1945"]
[BlackElo "1900"]
[PlyCount "63"]
[EventDate "1990.??.??"]
[EventType "tourn"]
[EventRounds "9"]
[EventCountry "POL"]
[SourceTitle "EXT 1999"]
[Source "ChessBase"]
[SourceDate "1998.11.16"]
[SourceVersion "1"]
[SourceVersionDate "1998.11.16"]
[SourceQuality "1"]

1. e4 e6 2. d4 d5 3. e5 c5 4. c3 Qb6 5. Nf3 Bd7 6. Be2 Bb5 7. c4 Bxc4 8. Bxc4 Qb4+ 9. Nbd2 dxc4 10. 0-0 cxd4 11. Nxd4 Ne7 12. Qc2 c3 13. bxc3 Qc5 14. Qa4+ Nbc6 15. Nc4 Nd5 16. Nb5 0-0-0 17. Nbd6+ Bxd6 18. Nxd6+ Rxd6 19. exd6 Nxc3 20. Qa3 Qc4 21. Bb2 Ne2+ 22. Kh1 e5 23. Rad1 Rd8 24. Rfe1 f6 25. Qh3+ Kb8 26. Qxh7 Ned4 27. Bxd4 Nxd4 28. Qxg7 Rg8 29. Rc1 Rxg7 30. Rxc4 b5 31. Rxd4 exd4 32. Re8+ 1-0